Score 0/26 Timer 04:00
0 Plays Today
% Correct
Mindy
96.5%
Generation
95.3%
Laverne
93.7%
Space
91.2%
Victims
90.7%
Bunker
88.7%
Criminal
87.4%
Chachi
87.3%
Good
86.9%
Angeles
86.8%
Pyle
85.1%
Jeffersons
78.6%
Maude
77.8%
% Correct
Jury
76.8%
Grant
67.4%
Rhoda
66.3%
Mayberry
61.5%
Voyager
53.7%
Enterprise
40.9%
True
39.5%
Gloria
35%
Picard
34.2%
United
33.3%
Phyllis
31.8%
Discovery
27%
Beauties
11.3%
Remove Ads.
Support Sporcle.
Get the best of Sporcle when you Go Orange. This ad-free experience offers more features, more stats, and more fun while also helping to support Sporcle. Thank you for becoming a member.

You're not logged in!

Compare scores with friends on all Sporcle quizzes.
OR
Log In

Show Comments

Extras

Top Quizzes Today


Score Distribution

Your Account Isn't Verified!

In order to create a playlist on Sporcle, you need to verify the email address you used during registration. Go to your Sporcle Settings to finish the process.

Report this User

Report this user for behavior that violates our Community Guidelines.

Details: